[Event "Toronto ch reserves"]
[Site "Toronto CAN"]
[Date "2001.01.15"]
[Round "9"]
[White "Laughlin, Steve"]
[Black "Richardson, Ross"]
[Result "1-0"]
[WhiteElo "1984"]
[BlackElo "1951"]
[PlyCount "83"]
[GameId "2160767911618870"]
[EventDate "2001.01.10"]
[EventType "tourn"]
[EventRounds "11"]
[EventCountry "CAN"]
[SourceTitle "EXT 2003"]
[Source "ChessBase"]
[SourceDate "2002.11.25"]
[SourceVersion "1"]
[SourceVersionDate "2002.11.25"]
[SourceQuality "1"]

1. e4 c5 2. Nf3 Nc6 3. d4 cxd4 4. Nxd4 Nf6 5. Nc3 d6 6. Bc4 e6 7. Be3 Be7 8. f3 a6 9. Bb3 Qc7 10. Qd2 b5 11. g4 O-O 12. g5 Nd7 13. Nd5 exd5 14. Nxc6 Ne5 15. Nxe5 dxe5 16. Bxd5 Rd8 17. Qc3 Qxc3+ 18. bxc3 Rb8 19. Ba7 Bh3 20. Bxb8 Rxb8 21. Rg1 Rc8 22. a4 bxa4 23. Rxa4 Rxc3 24. Rxa6 Rxc2 25. Ra8+ Bf8 26. Rg3 Rxh2 27. g6 hxg6 28. Rxg6 Kh7 29. Bxf7 Bb4+ 30. Kd1 Bf1 31. Rb6 Be2+ 32. Kc1 Bc5 33. Rbb8 Be3+ 34. Kb2 Bxf3+ 35. Kc3 Bd4+ 36. Kc4 Rc2+ 37. Kd5 Rc5+ 38. Kd6 g5 39. Bd5 g4 40. Rh8+ Kg6 41. Rag8+ Kf6 42. Rh6# 1-0

[Event "Toronto ch reserves"]
[Site "Toronto CAN"]
[Date "2001.01.15"]
[Round "9"]
[White "Sherman, Robert"]
[Black "Paterson, Jim"]
[Result "0-1"]
[WhiteElo "1925"]
[BlackElo "1967"]
[PlyCount "66"]
[GameId "2160767911618871"]
[EventDate "2001.01.10"]
[EventType "tourn"]
[EventRounds "11"]
[EventCountry "CAN"]
[SourceTitle "EXT 2003"]
[Source "ChessBase"]
[SourceDate "2002.11.25"]
[SourceVersion "1"]
[SourceVersionDate "2002.11.25"]
[SourceQuality "1"]

1. e4 e6 2. d4 d5 3. exd5 exd5 4. c4 Nc6 5. Be3 Nf6 6. Nc3 Be7 7. Bd3 O-O 8. Nge2 Nb4 9. Bb1 dxc4 10. a3 Nbd5 11. O-O Bg4 12. Qa4 Be6 13. Ng3 Nxc3 14. bxc3 Qd5 15. Qc2 Bd6 16. f4 Rfe8 17. Re1 Bd7 18. h3 Bxf4 19. Nf1 Bxe3+ 20. Nxe3 Qg5 21. Qf2 Bxh3 22. Ba2 Be6 23. Qf3 b5 24. Rab1 a6 25. Rb2 Nd5 26. Nd1 Bg4 27. Qg3 Rxe1+ 28. Qxe1 Bxd1 29. Qxd1 Re8 30. Rf2 Qe3 31. Qh5 Nf6 32. Qh4 Qe1+ 33. Kh2 Qxf2 0-1

[Event "Toronto ch reserves"]
[Site "Toronto CAN"]
[Date "2001.02.02"]
[Round "9"]
[White "Millar, David"]
[Black "Cohen, David"]
[Result "0-1"]
[WhiteElo "1951"]
[BlackElo "1956"]
[PlyCount "102"]
[GameId "2160767911618872"]
[EventDate "2001.01.10"]
[EventType "tourn"]
[EventRounds "11"]
[EventCountry "CAN"]
[SourceTitle "EXT 2003"]
[Source "ChessBase"]
[SourceDate "2002.11.25"]
[SourceVersion "1"]
[SourceVersionDate "2002.11.25"]
[SourceQuality "1"]

1. d4 Nf6 2. Nf3 g6 3. Nc3 Bg7 4. e4 d6 5. h3 O-O 6. Be3 c6 7. Be2 Qa5 8. O-O Nbd7 9. Qd2 Rd8 10. Rad1 b5 11. Nd5 Qxd2 12. Nxf6+ Nxf6 13. Nxd2 Bb7 14. c3 Rac8 15. Bf3 e6 16. Rfe1 Rd7 17. Bg5 c5 18. dxc5 dxc5 19. e5 Bxf3 20. Nxf3 Nd5 21. Nd2 h6 22. Bh4 g5 23. Bg3 Bf8 24. Ne4 Be7 25. Rd2 Rcd8 26. Red1 Kg7 27. Rd3 Kg6 28. R1d2 c4 29. Rd4 Rc8 30. Nd6 Bxd6 31. exd6 Rc6 32. h4 Ra6 33. a3 Rc6 34. Re2 Nf6 35. hxg5 hxg5 36. Red2 Rc5 37. f3 e5 38. Re4 Nxe4 39. fxe4 f6 40. Bf2 Rc6 41. Rd5 a6 42. Bc5 Kh5 43. Kf2 Kg4 44. g3 Rc8 45. Be3 Rc6 46. a4 Rcxd6 47. Rc5 Rh7 48. axb5 axb5 49. Rxb5 Rh2+ 50. Ke1 Kf3 51. Bc5 Rh1+ 0-1

[Event "Toronto ch reserves"]
[Site "Toronto CAN"]
[Date "2001.02.02"]
[Round "9"]
[White "Pe, Joe-Mari"]
[Black "Haziprodromu, Sam"]
[Result "0-1"]
[WhiteElo "1931"]
[BlackElo "1902"]
[PlyCount "113"]
[GameId "2160767911618873"]
[EventDate "2001.01.10"]
[EventType "tourn"]
[EventRounds "11"]
[EventCountry "CAN"]
[SourceTitle "EXT 2003"]
[Source "ChessBase"]
[SourceDate "2002.11.25"]
[SourceVersion "1"]
[SourceVersionDate "2002.11.25"]
[SourceQuality "1"]

1. c4 c5 2. Nc3 Nf6 3. g3 d5 4. cxd5 Nxd5 5. Bg2 Nc7 6. Nf3 Nc6 7. Qb3 e5 8. e3 Be7 9. O-O O-O 10. Ne1 Bd7 11. f4 Rb8 12. Nd5 Nxd5 13. Bxd5 Bf6 14. fxe5 Nxe5 15. d3 b5 16. Bg2 Bg4 17. Rf2 Qb6 18. a4 b4 19. a5 Qa6 20. Bf1 Qc6 21. Bg2 Qc7 22. e4 Rbd8 23. Rc2 Bd1 24. Bd2 Bxc2 25. Qxc2 Qd6 26. Be3 Ng4 27. Bxc5 Bd4+ 28. Bxd4 Qxd4+ 29. Kh1 Nf2+ 30. Kg1 Nh3+ 31. Kf1 Qg1+ 32. Ke2 Qxh2 33. Qc7 Ng5 34. Qxa7 Ne6 35. Qe3 Nd4+ 36. Kf2 f5 37. Nf3 fxe4 38. Rh1 Rxf3+ 39. Qxf3 Nxf3 40. Rxh2 Nxh2 41. Bxe4 Ng4+ 42. Kg2 Rd6 43. Bb7 Ne5 44. a6 Nc6 45. d4 Kf8 46. d5 Na7 47. Kf3 Ke7 48. Ke4 Rg6 49. Kd4 Kd6 50. Kc4 Rg4+ 51. Kb3 Kc5 52. Ka4 Rxg3 53. d6 Rd3 54. Be4 Rxd6 55. Bxh7 Rxa6+ 56. Kb3 Nc6 57. Bd3 0-1

[Event "Toronto ch reserves"]
[Site "Toronto CAN"]
[Date "2001.02.02"]
[Round "9"]
[White "Shah, Omar"]
[Black "Gebhardt, David"]
[Result "1-0"]
[WhiteElo "1863"]
[BlackElo "1904"]
[PlyCount "59"]
[GameId "2160767911618874"]
[EventDate "2001.01.10"]
[EventType "tourn"]
[EventRounds "11"]
[EventCountry "CAN"]
[SourceTitle "EXT 2003"]
[Source "ChessBase"]
[SourceDate "2002.11.25"]
[SourceVersion "1"]
[SourceVersionDate "2002.11.25"]
[SourceQuality "1"]

1. e4 e5 2. Nf3 f5 3. Nxe5 Nc6 4. Nxc6 dxc6 5. Nc3 Bc5 6. Qf3 Qf6 7. Bc4 Nh6 8. h3 Bd7 9. d3 Bd4 10. Bd2 Nf7 11. Bb3 O-O-O 12. O-O-O Ne5 13. Qg3 h6 14. f4 Nf7 15. e5 Qe7 16. Qg6 Nxe5 17. fxe5 Bxe5 18. Rhe1 Qc5 19. Be6 Rhf8 20. Bxd7+ Rxd7 21. Qe6 Bf6 22. Rf1 Bd8 23. Rf4 Bg5 24. Rc4 Bxd2+ 25. Rxd2 Qg1+ 26. Nd1 Kd8 27. Qe3 Qxe3 28. Nxe3 f4 29. Ng4 g5 30. Nxh6 1-0

[Event "Toronto ch reserves"]
[Site "Toronto CAN"]
[Date "2001.02.05"]
[Round "10"]
[White "Cohen, David"]
[Black "Sherman, Robert"]
[Result "1-0"]
[WhiteElo "1956"]
[BlackElo "1925"]
[PlyCount "85"]
[GameId "2160767911618875"]
[EventDate "2001.01.10"]
[EventType "tourn"]
[EventRounds "11"]
[EventCountry "CAN"]
[SourceTitle "EXT 2003"]
[Source "ChessBase"]
[SourceDate "2002.11.25"]
[SourceVersion "1"]
[SourceVersionDate "2002.11.25"]
[SourceQuality "1"]

1. e4 c5 2. Nf3 d6 3. d4 cxd4 4. Nxd4 Nf6 5. Nc3 g6 6. Be2 Bg7 7. Be3 Nc6 8. O-O O-O 9. Kh1 Bd7 10. f4 a6 11. Bf3 Rc8 12. Qd2 Na5 13. b3 Bg4 14. e5 Bxf3 15. exf6 Bxg2+ 16. Kxg2 Bxf6 17. Ne4 Bg7 18. Rad1 Nc6 19. Nxc6 Rxc6 20. c4 Qc8 21. Rf2 Qe6 22. Ng3 Qg4 23. Kh1 Rfc8 24. Rg1 Qh3 25. f5 Be5 26. fxg6 hxg6 27. Qd5 e6 28. Qf3 R6c7 29. Bb6 Re7 30. Nh5 Qh4 31. Be3 Rec7 32. Rfg2 Kh7 33. Nf4 Rh8 34. Rg4 Qf6 35. h4 Kg8 36. Qf2 Kf8 37. Nd3 Qe7 38. Nxe5 dxe5 39. Bg5 Qd6 40. Bf6 Rh5 41. Rxg6 Qc6+ 42. R6g2 Rf5 43. Qd2 1-0

[Event "Toronto ch reserves"]
[Site "Toronto CAN"]
[Date "2001.02.05"]
[Round "10"]
[White "Gebhardt, David"]
[Black "Chen, Chin Hua"]
[Result "1-0"]
[WhiteElo "1904"]
[BlackElo "2000"]
[PlyCount "49"]
[GameId "2160767911618876"]
[EventDate "2001.01.10"]
[EventType "tourn"]
[EventRounds "11"]
[EventCountry "CAN"]
[SourceTitle "EXT 2003"]
[Source "ChessBase"]
[SourceDate "2002.11.25"]
[SourceVersion "1"]
[SourceVersionDate "2002.11.25"]
[SourceQuality "1"]

1. e4 c5 2. Nf3 Nc6 3. d4 cxd4 4. Nxd4 d6 5. Nc3 Nf6 6. Be3 g6 7. f3 Bg7 8. Qd2 O-O 9. g4 a6 10. h4 Ne5 11. h5 b5 12. Bh6 Qb6 13. O-O-O Bxh6 14. Qxh6 Nfxg4 15. fxg4 Nxg4 16. Nd5 Qd8 17. Qd2 e5 18. Nc6 Qd7 19. Nce7+ Kg7 20. Bh3 Bb7 21. Bxg4 Qxg4 22. hxg6 Bxd5 23. Qh6+ Kf6 24. Nxd5+ Ke6 25. g7+ 1-0

[Event "Toronto ch reserves"]
[Site "Toronto CAN"]
[Date "2001.02.05"]
[Round "10"]
[White "Haziprodromu, Sam"]
[Black "Shah, Omar"]
[Result "1-0"]
[WhiteElo "1902"]
[BlackElo "1863"]
[PlyCount "144"]
[GameId "2160767911618877"]
[EventDate "2001.01.10"]
[EventType "tourn"]
[EventRounds "11"]
[EventCountry "CAN"]
[SourceTitle "EXT 2003"]
[Source "ChessBase"]
[SourceDate "2002.11.25"]
[SourceVersion "1"]
[SourceVersionDate "2002.11.25"]
[SourceQuality "1"]

1. e4 e5 2. Nf3 Nc6 3. Bb5 a6 4. Ba4 Nf6 5. O-O Be7 6. Re1 b5 7. Bb3 O-O 8. d4 d6 9. c3 Na5 10. Bc2 c5 11. dxe5 dxe5 12. Qxd8 Rxd8 13. Nxe5 Bd6 14. Nf3 Bb8 15. Bg5 h6 16. Bxf6 gxf6 17. Nbd2 Ra7 18. h3 Rad7 19. Nb3 Nxb3 20. Bxb3 Bb7 21. Kf1 Kf8 22. Bc2 f5 23. Re2 fxe4 24. Bxe4 Rd1+ 25. Rxd1 Rxd1+ 26. Ne1 Bxe4 27. Rxe4 Rd2 28. Re2 Rd1 29. g3 Kg7 30. Kg2 Kf6 31. Nf3 Rd8 32. Nd2 Kg6 33. Kf3 Rd3+ 34. Kg2 Bd6 35. h4 Bf8 36. Nf3 Bg7 37. Ne5+ Bxe5 38. Rxe5 Rd2 39. Rxc5 Rxb2 40. Rc6+ Kg7 41. Rxa6 Rc2 42. Ra5 Rxc3 43. Rxb5 Ra3 44. Rb2 Kg6 45. Rd2 Kf6 46. Kf1 Kf5 47. Ke2 Kg4 48. Kd1 Kf3 49. Kc1 f5 50. Kb2 Ra4 51. Kb3 Re4 52. a4 f4 53. gxf4 Rxf4 54. a5 Kg4 55. Kc3 Rf6 56. Rd4+ Kh5 57. Ra4 Rf3+ 58. Kd2 Rxf2+ 59. Ke3 Rf7 60. a6 Ra7 61. Kf3 Rf7+ 62. Kg3 Ra7 63. Ra5+ Kg6 64. Kg4 h5+ 65. Kf4 Rf7+ 66. Ke4 Ra7 67. Ke5 Rf7 68. Ke6 Ra7 69. Kd6 Rf7 70. a7 Rf6+ 71. Ke7 Rf7+ 72. Ke8 Rh7 1-0

[Event "Toronto ch reserves"]
[Site "Toronto CAN"]
[Date "2001.02.05"]
[Round "10"]
[White "Lucki, Arnie"]
[Black "Millar, David"]
[Result "1-0"]
[WhiteElo "1885"]
[BlackElo "1951"]
[PlyCount "57"]
[GameId "2160767911618878"]
[EventDate "2001.01.10"]
[EventType "tourn"]
[EventRounds "11"]
[EventCountry "CAN"]
[SourceTitle "EXT 2003"]
[Source "ChessBase"]
[SourceDate "2002.11.25"]
[SourceVersion "1"]
[SourceVersionDate "2002.11.25"]
[SourceQuality "1"]

1. c4 Nf6 2. d4 g6 3. g3 Bg7 4. Bg2 d6 5. Nf3 O-O 6. O-O Nbd7 7. Nc3 c6 8. e4 e5 9. b3 exd4 10. Nxd4 Nc5 11. b4 Ne6 12. Bb2 Nxd4 13. Qxd4 Nd5 14. Qxg7+ Kxg7 15. exd5 Kg8 16. dxc6 bxc6 17. Bxc6 Be6 18. Bd5 Bxd5 19. Nxd5 f6 20. Rfe1 Rf7 21. Re6 f5 22. Rae1 Kf8 23. Bf6 Qc8 24. Bg5 Kg7 25. Re7 Qf8 26. Rxf7+ Kxf7 27. Re7+ Qxe7 28. Bxe7 Ke6 29. Nc7+ 1-0

[Event "Toronto ch reserves"]
[Site "Toronto CAN"]
[Date "2001.02.05"]
[Round "10"]
[White "Paterson, Jim"]
[Black "Laughlin, Steve"]
[Result "0-1"]
[WhiteElo "1967"]
[BlackElo "1984"]
[PlyCount "120"]
[GameId "2160767911618879"]
[EventDate "2001.01.10"]
[EventType "tourn"]
[EventRounds "11"]
[EventCountry "CAN"]
[SourceTitle "EXT 2003"]
[Source "ChessBase"]
[SourceDate "2002.11.25"]
[SourceVersion "1"]
[SourceVersionDate "2002.11.25"]
[SourceQuality "1"]

1. e4 e6 2. d4 d5 3. Nd2 dxe4 4. Nxe4 Nd7 5. Nf3 Ngf6 6. Bd3 Nxe4 7. Bxe4 Nf6 8. Bd3 Be7 9. O-O O-O 10. c3 b6 11. Ne5 Bb7 12. Qe2 c5 13. dxc5 Bxc5 14. Rd1 Qc7 15. Bf4 h6 16. Bb5 Bd6 17. Bd3 Rad8 18. Bg3 a6 19. Ng4 Nxg4 20. Qxg4 Bxg3 21. hxg3 Qc6 22. Bf1 Qc7 23. Rd4 Rxd4 24. Qxd4 Rd8 25. Qe3 Qc5 26. Qxc5 bxc5 27. b4 cxb4 28. cxb4 Kf8 29. a4 Ke7 30. b5 a5 31. Rc1 Bd5 32. Rc7+ Rd7 33. Rc3 Kd6 34. Be2 Rc7 35. Rxc7 Kxc7 36. Bd1 Kd6 37. f3 e5 38. Kf2 g5 39. g4 Kc5 40. Ke3 f6 41. Bc2 Bf7 42. g3 Be6 43. Bd1 f5 44. gxf5 Bxf5 45. Bb3 h5 46. Bd1 h4 47. gxh4 gxh4 48. Ke2 e4 49. Ke3 h3 50. fxe4 h2 51. Bf3 Bg4 52. Bg2 Bd1 53. Kd2 Bxa4 54. Kc3 Bxb5 55. Bf3 Bc6 56. Bg2 a4 57. Bh1 a3 58. Bf3 a2 59. Kb2 Kd4 60. Kxa2 Bxe4 0-1

[Event "Toronto ch reserves"]
[Site "Toronto CAN"]
[Date "2001.02.05"]
[Round "10"]
[White "Richardson, Ross"]
[Black "Pe, Joe-Mari"]
[Result "1/2-1/2"]
[WhiteElo "1951"]
[BlackElo "1931"]
[PlyCount "80"]
[GameId "2160767911618880"]
[EventDate "2001.01.10"]
[EventType "tourn"]
[EventRounds "11"]
[EventCountry "CAN"]
[SourceTitle "EXT 2003"]
[Source "ChessBase"]
[SourceDate "2002.11.25"]
[SourceVersion "1"]
[SourceVersionDate "2002.11.25"]
[SourceQuality "1"]

1. d4 d5 2. c4 c6 3. Nf3 Nf6 4. Nc3 e6 5. cxd5 exd5 6. Bg5 Bg4 7. Ne5 Bc8 8. e3 Nbd7 9. Bd3 Bb4 10. O-O h6 11. Bh4 g5 12. Bg3 h5 13. h4 Ng4 14. Nxg4 hxg4 15. Qxg4 gxh4 16. Qg7 Qf6 17. Qxf6 Nxf6 18. Be5 Ke7 19. a3 Ba5 20. b4 Bb6 21. e4 h3 22. exd5 hxg2 23. d6+ Kf8 24. Rfe1 Rh6 25. Na4 Be6 26. Nc5 Bd5 27. Be4 Bxe4 28. Nxe4 Nxe4 29. Rxe4 f6 30. Bh2 a5 31. Rae1 axb4 32. d7 Rh8 33. axb4 Rd8 34. Re8+ Kf7 35. R1e7+ Kg6 36. Kxg2 Rxd7 37. Rxd7 Rxe8 38. Rxb7 Bxd4 39. Rc7 Re2 40. Bg3 Rb2 1/2-1/2

[Event "Toronto ch reserves"]
[Site "Toronto CAN"]
[Date "2001.02.07"]
[Round "11"]
[White "Chen, Chin Hua"]
[Black "Haziprodromu, Sam"]
[Result "0-1"]
[WhiteElo "2000"]
[BlackElo "1902"]
[PlyCount "46"]
[GameId "2160767911618881"]
[EventDate "2001.01.10"]
[EventType "tourn"]
[EventRounds "11"]
[EventCountry "CAN"]
[SourceTitle "EXT 2003"]
[Source "ChessBase"]
[SourceDate "2002.11.25"]
[SourceVersion "1"]
[SourceVersionDate "2002.11.25"]
[SourceQuality "1"]

1. d4 Nf6 2. c4 c5 3. Nf3 cxd4 4. Nxd4 e5 5. Nb5 d5 6. cxd5 Bc5 7. N5c3 O-O 8. e3 Bf5 9. Bc4 Nbd7 10. O-O e4 11. a3 Rc8 12. Ba2 Bd6 13. Nb5 Bb8 14. N1c3 Bg6 15. Bd2 a6 16. Nd4 Ne5 17. b4 Qd6 18. g3 Rfe8 19. Be1 Qd7 20. Nce2 Bh5 21. Qd2 Nf3+ 22. Nxf3 exf3 23. Nf4 Bxf4 0-1

[Event "Toronto ch reserves"]
[Site "Toronto CAN"]
[Date "2001.02.07"]
[Round "11"]
[White "Gebhardt, David"]
[Black "Lucki, Arnie"]
[Result "0-1"]
[WhiteElo "1904"]
[BlackElo "1885"]
[PlyCount "150"]
[GameId "2160767911618882"]
[EventDate "2001.01.10"]
[EventType "tourn"]
[EventRounds "11"]
[EventCountry "CAN"]
[SourceTitle "EXT 2003"]
[Source "ChessBase"]
[SourceDate "2002.11.25"]
[SourceVersion "1"]
[SourceVersionDate "2002.11.25"]
[SourceQuality "1"]

1. e4 Nf6 2. Nc3 d5 3. e5 d4 4. exf6 dxc3 5. fxg7 cxd2+ 6. Qxd2 Qxd2+ 7. Bxd2 Bxg7 8. O-O-O Bf5 9. Ne2 Nc6 10. Ng3 Bg6 11. Bb5 O-O-O 12. c3 Ne5 13. Rhe1 Rd5 14. Bf1 Rhd8 15. f4 Ng4 16. Rxe7 Nf2 17. Bc4 Bf6 18. Bxd5 Bxe7 19. Rf1 Nd3+ 20. Kc2 Nxf4+ 21. Be4 Nxg2 22. Bxg6 fxg6 23. Rf7 Bc5 24. Rxh7 Ne3+ 25. Kc1 Nc4 26. Ne4 Bg1 27. Bf4 Be3+ 28. Bxe3 Nxe3 29. Nd2 Rf8 30. Re7 Nf5 31. Rh7 Re8 32. Kc2 Re3 33. Nb3 b6 34. Kd2 Re4 35. Kd3 Re1 36. Kd2 Rb1 37. Kc2 Rg1 38. a3 a5 39. Nc1 a4 40. Nd3 Ne3+ 41. Kd2 Nc4+ 42. Kc2 Rg2+ 43. Kb1 g5 44. Rh3 Nd2+ 45. Kc1 Nf1 46. Rh8+ Kb7 47. h4 Rd2 48. Ne5 Rd5 49. Ng4 gxh4 50. Rxh4 b5 51. Rh3 Nd2 52. Ne3 Nb3+ 53. Kb1 Rd3 54. Rg3 Kc6 55. Rg6+ Kd7 56. Nf5 c6 57. Rh6 Rd5 58. Rf6 c5 59. Ne3 Rd3 60. Nf5 c4 61. Rf7+ Ke6 62. Re7+ Kxf5 63. Re1 Kf4 64. Rh1 Kg3 65. Re1 Kf2 66. Rh1 Rg3 67. Rd1 Rg1 68. Kc2 Rxd1 69. Kxd1 Ke3 70. Kc2 Ke2 71. Kb1 Nc5 72. Kc1 Kd3 73. Kd1 Ne4 74. Kc1 Nxc3 75. bxc3 Kxc3 0-1

[Event "Toronto ch reserves"]
[Site "Toronto CAN"]
[Date "2001.02.07"]
[Round "11"]
[White "Laughlin, Steve"]
[Black "Cohen, David"]
[Result "1-0"]
[WhiteElo "1984"]
[BlackElo "1956"]
[PlyCount "118"]
[GameId "2160767911618883"]
[EventDate "2001.01.10"]
[EventType "tourn"]
[EventRounds "11"]
[EventCountry "CAN"]
[SourceTitle "EXT 2003"]
[Source "ChessBase"]
[SourceDate "2002.11.25"]
[SourceVersion "1"]
[SourceVersionDate "2002.11.25"]
[SourceQuality "1"]

1. e4 e5 2. Nf3 Nc6 3. Bc4 Be7 4. d4 d6 5. dxe5 dxe5 6. Qd5 Qxd5 7. exd5 e4 8. dxc6 exf3 9. Bb5 b6 10. gxf3 Bd6 11. Nc3 a6 12. Bd3 Ne7 13. Ne4 Nxc6 14. Nxd6+ cxd6 15. Be4 Bb7 16. Rg1 g6 17. Bf4 O-O-O 18. O-O-O Kc7 19. Rd2 Rd7 20. h4 Na5 21. Rgd1 Rhd8 22. Bg5 Re8 23. Bf4 Red8 24. b4 Bxe4 25. fxe4 Nc6 26. a3 b5 27. Rd5 Ne5 28. Bxe5 dxe5 29. Rc5+ Kb6 30. Rxd7 Rxd7 31. Rxe5 a5 32. bxa5+ Kxa5 33. c4 Ka4 34. cxb5 Kxa3 35. Rd5 Rc7+ 36. Kd2 Kb4 37. b6 Rb7 38. Ke3 Kc4 39. Rd6 Kc5 40. e5 Re7 41. Kf4 h6 42. h5 gxh5 43. Rxh6 h4 44. Kf5 h3 45. f4 h2 46. Rxh2 Kxb6 47. Rd2 Ra7 48. Kf6 Kc6 49. f5 Rb7 50. e6 fxe6 51. fxe6 Rb1 52. e7 Rf1+ 53. Kg7 Rg1+ 54. Kf8 Rf1+ 55. Ke8 Ra1 56. Rf2 Rh1 57. Kf8 Rh8+ 58. Kg7 Re8 59. Kf7 Ra8 1-0

[Event "Toronto ch reserves"]
[Site "Toronto CAN"]
[Date "2001.02.07"]
[Round "11"]
[White "Pe, Joe-Mari"]
[Black "Paterson, Jim"]
[Result "0-1"]
[WhiteElo "1931"]
[BlackElo "1967"]
[PlyCount "72"]
[GameId "2160767911618884"]
[EventDate "2001.01.10"]
[EventType "tourn"]
[EventRounds "11"]
[EventCountry "CAN"]
[SourceTitle "EXT 2003"]
[Source "ChessBase"]
[SourceDate "2002.11.25"]
[SourceVersion "1"]
[SourceVersionDate "2002.11.25"]
[SourceQuality "1"]

1. c4 Nf6 2. g3 d5 3. d4 c6 4. Bg2 e6 5. Nc3 Nbd7 6. e3 Be7 7. Nf3 O-O 8. O-O Re8 9. Re1 Bb4 10. Qb3 Bxc3 11. bxc3 Qb6 12. c5 Qxb3 13. axb3 e5 14. Nxe5 Nxe5 15. dxe5 Rxe5 16. Bb2 Re7 17. Ra4 Bf5 18. c4 dxc4 19. Bxf6 gxf6 20. Rxc4 Be6 21. Rc3 Rd7 22. h4 Rad8 23. b4 a6 24. Rc2 Rd1 25. Rc1 R1d2 26. Bf3 Rb2 27. Rcd1 Rxd1 28. Rxd1 Rxb4 29. Rd8+ Kg7 30. Rb8 a5 31. Kg2 Rb5 32. Be4 f5 33. Bf3 a4 34. e4 fxe4 35. Bxe4 a3 36. Bd3 a2 0-1

[Event "Toronto ch reserves"]
[Site "Toronto CAN"]
[Date "2001.02.07"]
[Round "11"]
[White "Shah, Omar"]
[Black "Richardson, Ross"]
[Result "0-1"]
[WhiteElo "1863"]
[BlackElo "1951"]
[PlyCount "52"]
[GameId "2160767911618885"]
[EventDate "2001.01.10"]
[EventType "tourn"]
[EventRounds "11"]
[EventCountry "CAN"]
[SourceTitle "EXT 2003"]
[Source "ChessBase"]
[SourceDate "2002.11.25"]
[SourceVersion "1"]
[SourceVersionDate "2002.11.25"]
[SourceQuality "1"]

1. e4 c6 2. d4 d5 3. Nc3 dxe4 4. Nxe4 Bf5 5. Ng3 Bg6 6. Nf3 Nd7 7. h4 h6 8. Bd3 Bxd3 9. Qxd3 e6 10. O-O Be7 11. Nh5 Bf6 12. Re1 Qa5 13. Nxf6+ Ngxf6 14. Bd2 Qh5 15. Bb4 g5 16. Ne5 gxh4 17. Qh3 Nd5 18. Bd2 N7f6 19. c4 Ne7 20. d5 cxd5 21. cxd5 Nexd5 22. Qa3 h3 23. g3 Qf5 24. Qa4+ Kf8 25. Nd7+ Nxd7 26. Qxd7 Qf3 0-1

[Event "Toronto ch reserves"]
[Site "Toronto CAN"]
[Date "2001.02.07"]
[Round "11"]
[White "Sherman, Robert"]
[Black "Millar, David"]
[Result "1-0"]
[WhiteElo "1925"]
[BlackElo "1951"]
[PlyCount "53"]
[GameId "2160767911618886"]
[EventDate "2001.01.10"]
[EventType "tourn"]
[EventRounds "11"]
[EventCountry "CAN"]
[SourceTitle "EXT 2003"]
[Source "ChessBase"]
[SourceDate "2002.11.25"]
[SourceVersion "1"]
[SourceVersionDate "2002.11.25"]
[SourceQuality "1"]

1. g4 d5 2. e3 e5 3. d4 Bd6 4. h3 Nc6 5. dxe5 Nxe5 6. Nf3 Nxf3+ 7. Qxf3 Be6 8. Nc3 c6 9. Bd3 Ne7 10. Bd2 Qc7 11. Qe2 O-O-O 12. O-O-O Rhe8 13. Rhe1 f5 14. gxf5 Bxf5 15. Bxf5+ Nxf5 16. Qg4 Qd7 17. e4 dxe4 18. Nxe4 h5 19. Qxh5 Rh8 20. Qg4 Qf7 21. Bg5 Be5 22. Rxd8+ Rxd8 23. Bxd8 Kxd8 24. Ng5 Qf6 25. Rxe5 Ne3 26. Qd4+ Nd5 27. c4 1-0

[Event "Toronto op"]
[Site "Toronto CAN"]
[Date "2001.04.15"]
[Round "5"]
[White "Dougherty, Michael"]
[Black "Livshits, Ron"]
[Result "0-1"]
[WhiteElo "2332"]
[BlackElo "2460"]
[PlyCount "55"]
[GameId "2160767911564989"]
[EventDate "2001.04.13"]
[EventType "swiss"]
[EventRounds "6"]
[EventCountry "CAN"]

1. d4 Nf6 2. Nf3 d5 3. c4 e6 4. g3 dxc4 5. Bg2 Nc6 6. Qa4 Qd5 7. Nc3 Bb4 8. O-O Qa5 9. Qc2 Bd7 10. e4 Be7 11. d5 exd5 12. e5 Ng4 13. h3 d4 14. hxg4 dxc3 15. bxc3 Bxg4 16. Rb1 O-O 17. Bf4 Rad8 18. Rxb7 Rd3 19. Nh2 Bf5 20. e6 Rxg3 21. Bxg3 Bxc2 22. Rxc7 fxe6 23. Rxc6 Qxc3 24. Rxe6 Bc5 25. Be5 Qd2 26. Nf3 Qd7 27. Ng5 Bd3 28. Bc6 0-1

[Event "Toronto op"]
[Site "Toronto CAN"]
[Date "2001.04.15"]
[Round "5"]
[White "Zubac, Marius"]
[Black "Le, Ken"]
[Result "0-1"]
[WhiteElo "2249"]
[BlackElo "1828"]
[PlyCount "73"]
[GameId "2160767911564991"]
[EventDate "2001.04.13"]
[EventType "swiss"]
[EventRounds "6"]
[EventCountry "CAN"]

1. d4 a6 2. e4 g6 3. h4 Bg7 4. h5 d5 5. h6 Bf8 6. e5 e6 7. c3 c5 8. Nf3 Nc6 9. a3 b5 10. Bd3 Bb7 11. Be3 c4 12. Bc2 Qc7 13. b3 Na5 14. b4 Nc6 15. a4 Na7 16. Ng5 O-O-O 17. Na3 Nxh6 18. axb5 axb5 19. Nxe6 fxe6 20. Bxh6 Bxh6 21. Rxh6 Rhf8 22. Qg4 Qf7 23. f3 Rde8 24. Qh4 Re7 25. Nxc4 dxc4 26. Rxa7 Kb8 27. Ra5 Bxf3 28. Qf6 Bc6 29. d5 exd5 30. Qd6+ Kb7 31. Bf5 Rxe5+ 32. Qxe5 Qe8 33. Qxe8 Rxe8+ 34. Kd2 gxf5 35. Rxh7+ Kb6 36. Raa7 Re4 37. Rag7 0-1

[Event "Toronto op"]
[Site "Toronto CAN"]
[Date "2001.04.15"]
[Round "6"]
[White "Livshits, Ron"]
[Black "Gentes, Kevin"]
[Result "0-1"]
[WhiteElo "2460"]
[BlackElo "2350"]
[PlyCount "42"]
[GameId "2160767911564992"]
[EventDate "2001.04.13"]
[EventType "swiss"]
[EventRounds "6"]
[EventCountry "CAN"]

1. e4 c5 2. Nf3 e6 3. d4 cxd4 4. Nxd4 a6 5. Bd3 Nc6 6. Nxc6 dxc6 7. O-O e5 8. Nd2 Nf6 9. Nc4 Nd7 10. a4 Bc5 11. a5 O-O 12. c3 Qh4 13. b4 Ba7 14. g3 Qh3 15. Re1 Bxf2+ 16. Kxf2 Qxh2+ 17. Kf3 Nf6 18. Ne3 Qh5+ 19. Kf2 Ng4+ 20. Kf3 Nxe3+ 21. Kxe3 Bg4 0-1

[Event "Toronto op U1900"]
[Site "Toronto CAN"]
[Date "2001.04.13"]
[Round "2"]
[White "Shah, Omar"]
[Black "Maric, Gordana"]
[Result "1-0"]
[WhiteElo "1815"]
[BlackElo "1731"]
[PlyCount "111"]
[GameId "2160767911564993"]
[EventDate "2001.04.13"]
[EventType "swiss"]
[EventRounds "6"]
[EventCountry "CAN"]

1. e4 c6 2. d4 d5 3. Nc3 dxe4 4. Nxe4 Bf5 5. Ng3 Bg6 6. h4 h6 7. h5 Bh7 8. Nf3 Nd7 9. Bd3 Bxd3 10. Qxd3 e6 11. Bf4 Ngf6 12. O-O-O Nd5 13. Bd2 Qc7 14. Kb1 O-O-O 15. Rhe1 Bd6 16. Ne4 Nf4 17. Nxd6+ Qxd6 18. Bxf4 Qxf4 19. Re4 Qc7 20. Rg4 Rhg8 21. Qa3 Kb8 22. Qe7 Nf6 23. Qxc7+ Kxc7 24. Rf4 c5 25. Ne5 cxd4 26. Rfxd4 Rxd4 27. Rxd4 Rd8 28. Rc4+ Kb8 29. g4 Rc8 30. Rd4 Nd5 31. Nxf7 Rf8 32. c4 Rxf7 33. cxd5 exd5 34. Rxd5 Rxf2 35. Rd7 Rf1+ 36. Kc2 Rf2+ 37. Kc3 Rf3+ 38. Kd2 Rf2+ 39. Ke3 Rxb2 40. Rxg7 Rxa2 41. Rg6 a5 42. Rxh6 a4 43. Rb6 a3 44. Rb1 Rh2 45. Ra1 b5 46. Kf3 b4 47. Kg3 Rc2 48. h6 Rc8 49. Rb1 Rh8 50. Rxb4+ Kc7 51. g5 Kd6 52. Ra4 Ke6 53. Kg4 Kf7 54. Rxa3 Kg6 55. Ra7 Rg8 56. Rb7 1-0